truck brand names - Statistics

General Stats
  • This quiz has been taken 253 times
  • The average score is 5 of 15
Answer Stats
Hint Answer % Correct
orfd ford
91%
cmak mack
79%
lvvoo volvo
68%
tebtlpire peterbilt
48%
nwthoker kenworth
43%
zuusi isuzu
41%
nohi hino
32%
htrfeenilrig freightliner
30%
ioninenaaltrt international
30%
twihe white
22%
retnilsg sterling
10%
ierecp pierce
9%
hkoohss oshkosh
7%
rammno marmon
5%
tcuaaro autocar
3%
No matching quizzes found
Score Distribution
Percent of People with Each Score
Percentile by Number Answered
Your Score History
You have not taken this quiz